Science Quiz

Random Science or Clickable Quiz
Score 0/13 Timer 10:00
0 Plays Today
% Correct
Desert
80.5%
Coral reef
76.4%
River
73.5%
Savanna
72%
Wetlands
71.4%
Coniferous Forest
70.9%
Lake
70.4%
Tundra
69.2%
Deciduous Forest
67.9%
Rainforest
67.3%
Estuary
59.2%
Prairie
52%
Chaparral
45.3%
Remove Ads.
Support Sporcle.
Get the best of Sporcle when you Go Orange. This ad-free experience offers more features, more stats, and more fun while also helping to support Sporcle. Thank you for becoming a member.

You're not logged in!

Compare scores with friends on all Sporcle quizzes.
OR
Log In

Show Comments

Extras

Created Jan 28, 2013ReportNominate
Tags:Clickable Quiz, biome

Top Quizzes Today


Score Distribution

Your Account Isn't Verified!

In order to create a playlist on Sporcle, you need to verify the email address you used during registration. Go to your Sporcle Settings to finish the process.

Report this User

Report this user for behavior that violates our Community Guidelines.

Details: